| 000 | 00418nam a2200157Ia 4500 | ||
|---|---|---|---|
| 008 | 230711s9999||||xx |||||||||||||| ||und|| | ||
| 041 | _aENG | ||
| 082 |
_a658.7 _bGO-M |
||
| 100 | _aGopalKrishnan,Sundaresan | ||
| 245 | 0 | _aMaterials management : integrated approach | |
| 250 | _a1st Ed. | ||
| 260 |
_c2006 _aNew Delhi _bPHI Learning Private Limited |
||
| 300 | _a276 | ||
| 650 | _aMechanical Engineering | ||
| 942 | _cBK | ||
| 999 |
_c4664 _d4664 |
||